00493nam a2200193 a 4500001001300000003000900013005001700022008004100039020001000080082001700090100001800107245002100125260004800146300000900194500003500203505001700238650002600255700001800281nice12345678IN_TiNIC20260116011429.0050524s1957 laha grp 000 0 urd  ac10000a232.917bTAL aTalib Ud, Din aMojizat-I-Masih. aLahorebPunjab Religious Booksociety c1957 a594p aincludes index and biblioraphy2 abibliography aJesus Christ-Miracles1 aTalib Ud, Din